000
00319nam a22001217a 4500
999
_c
10307
_d
10307
003
OSt
008
201203b ||||| |||| 00| 0 eng d
245
_a
IEE Manufacturing Engineer
250
_a
2005(Feb Vol.84 No.1, May Vol.84 No.2)
260
_b
IEE Manufacturing
650
_a
Mechanical Engineering
942
_2
ddc
_c
BV